Normal power aproximácia distribučnej funkcie
Aproximácia distribučnej funkcie, prípadne funkcie hustoty pravdepodobnosti náhodnej premennej a následná ilustrácia prístupu na praktickom príklade.
Enregistré dans:
| Auteur principal: | |
|---|---|
| Autres auteurs: | |
| Format: | Chapitre de livre |
| Langue: | slovaque |
| Sujets: | |
| Tags: |
Pas de tags, Soyez le premier à ajouter un tag!
|
MARC
| LEADER | 00000naa$a2200000$$$4500 | ||
|---|---|---|---|
| 001 | 0037571 | ||
| 005 | 20240502071456.0 | ||
| 041 | 0 | |a slo | |
| 044 | |a SK | ||
| 245 | 1 | 0 | |a Normal power aproximácia distribučnej funkcie |c Anna Strešňáková, Zuzana Šimková |
| 520 | |a Aproximácia distribučnej funkcie, prípadne funkcie hustoty pravdepodobnosti náhodnej premennej a následná ilustrácia prístupu na praktickom príklade. | ||
| 610 | 2 | 0 | |a dáta |
| 610 | 2 | 0 | |a poisťovníctvo |
| 610 | 2 | 0 | |a metódy distribučné |
| 610 | 2 | 0 | |a simulácia |
| 610 | 2 | 0 | |a plnenie poistné |
| 610 | 2 | 0 | |a metódy simulačné |
| 610 | 2 | 0 | |a prieskum dopytu |
| 100 | 1 | |a Strešňáková, Anna, 1976- | |
| 700 | 1 | |a Šimková, Zuzana | |